000 00764nam a2200229 i 4500
001 bg
100 1 _aGRABOWSKI, Stanisław
_d(1940- )
245 1 0 _aGospodarka żywnościowa w warunkach rynkowych /
_cStanisław Grabowski.
260 _aWarszawa :
_bOficyna Wydawnicza Szkoły Głównej Handlowej,
_ccop. 1997.
300 _a144, [1] s. :
_bmapy, wykr. ;
_c24 cm.
504 _aBibliogr. przy rozdz.
650 9 _aGospodarka żywnościowa
_zPolska
_yod 1989 r.
650 9 _aRolnictwo
_zPolska
_yod 1989 r.
020 _a8386689765
040 _cBPK
041 0 _apl
080 _a338.43(438)"1989/..."(083.41)
920 _a83-86689-76-5
942 _cKS
008 s pl f |000 0 pol
999 _c39556
_d39556
856 _uhttp://koha.tu.koszalin.pl/cgi-bin/koha/opac-detail.pl?biblionumber=39556
_yKatalog online BPK